Robotic engineering (Record no. 56633)

MARC details
000 -LEADER
fixed length control field 00584nam a2200169 a 4500
008 - FIXED-LENGTH DATA ELEMENTS--GENERAL INFORMATION
fixed length control field 120416s0000 ||||||||||||||||| || u
020 ## - INTERNATIONAL STANDARD BOOK NUMBER
International Standard Book Number 0137820534
050 ## - LIBRARY OF CONGRESS CALL NUMBER
Classification number TJ 211 Kla
100 ## - MAIN ENTRY--PERSONAL NAME
Personal name Klafter, Richard D
245 10 - TITLE STATEMENT
Title Robotic engineering
246 ## - VARYING FORM OF TITLE
Title proper/short title an integrated approach
260 ## - PUBLICATION, DISTRIBUTION, ETC.
Place of publication, distribution, etc. Englewood Cliffs, [N.J.]
Name of publisher, distributor, etc. FT Prentice-Hall
Date of publication, distribution, etc. 1989
300 ## - PHYSICAL DESCRIPTION
Extent xxiii, 744p. : ill.
350 ## - PRICE (NR) (BK AM CF MU VM SE) [OBSOLETE]
Price 0.00
700 ## - ADDED ENTRY--PERSONAL NAME
Personal name Negin, Michael
995 ## - RECOMMENDATION 995 [LOCAL, UNIMARC FRANCE]
-- 0.00
-- CBU-MAIN LIBRARY (Kitwe)
-- 1
-- 19.95
-- AVAILABLE
-- Main Library Open Access Collection
Holdings
Withdrawn status Lost status Source of classification or shelving scheme Damaged status Not for loan Home library Current library Shelving location Date acquired Total Checkouts Full call number Barcode Date last seen Date last checked out Price effective from Koha item type
          CBU-MAIN LIBRARY, KITWE. CBU-MAIN LIBRARY, KITWE.   11/30/2022 1 TJ 211 Kla 014033 08/02/2025 06/12/2025 11/30/2022 MONOGRAPH